[Event "Bundesliga 2021-22"]
[Site "Berlin GER"]
[Date "2022.07.09"]
[Round "13.5"]
[Board "8"]
[White "Huesmann, Thomas"]
[Black "Agrest, Inna"]
[Result "0-1"]
[WhiteTitle "FM"]
[BlackTitle "WIM"]
[WhiteElo "2114"]
[BlackElo "2245"]
[WhiteTeam "Aachener SV"]
[BlackTeam "Duesseldorfer SK"]
[WhiteFideId "200441"]
[BlackFideId "1708830"]
[EventDate "2022.03.05"]

1. e4 e5 2. Nf3 Nc6 3. Bc4 Nf6 4. d3 h6 5. a4 d6 6. c3 g5 7. Qb3 Qd7 8. a5 Bg7
9. Nbd2 O-O 10. Nf1 Ne7 11. Qc2 d5 12. Bb3 Ng6 13. h3 c6 14. Ng3 Qc7 15. Be3 Be6
16. c4 dxe4 17. dxe4 Rfd8 18. O-O Nf4 19. Nf5 Bxf5 20. exf5 e4 21. Nd2 Qe5 22.
c5 Qxf5 23. f3 Ne2+ 24. Kf2 Nd4 25. Bxd4 Rxd4 26. Kg1 Qf4 27. Nxe4 Nd5 28. Rae1
Ne3 29. Rxe3 Qxe3+ 30. Kh1 Qf4 31. Nd6 Rxd6 32. cxd6 Rd8 33. Qe4 Qxd6 34. Bc2
Qf6 35. b4 Rd4 36. Qe8+ Bf8 37. b5 c5 38. Re1 c4 39. Qc8 Rd8 40. Qxc4 Bd6 41.
Qe4 Bg3 42. Rb1 b6 43. axb6 axb6 44. Qf5 Qxf5 45. Bxf5 Kg7 46. Kg1 Kf6 47. Be4
Ke5 48. Kf1 Rd2 49. Rc1 f5 50. Bc2 h5 51. Bb3 Rf2+ 52. Kg1 Rb2 53. Bc4 Kf4 54.
Bf1 Bf2+ 55. Kh2 Bd4 56. Bd3 Be5 57. Re1 Rd2 58. Bf1 g4 59. fxg4 hxg4 60. hxg4
fxg4 61. Be2 Ke3+ 0-1

[Event "Bundesliga 2021-22"]
[Site "Berlin GER"]
[Date "2022.07.09"]
[Round "13.6"]
[Board "1"]
[White "Shevchenko, Kirill"]
[Black "Fridman, Daniel"]
[Result "1/2-1/2"]
[WhiteTitle "GM"]
[BlackTitle "GM"]
[WhiteElo "2652"]
[BlackElo "2628"]
[WhiteTeam "SV Werder Bremen"]
[BlackTeam "SV Muelheim Nord"]
[WhiteFideId "14129574"]
[BlackFideId "11600454"]
[EventDate "2022.03.05"]

1. e4 e5 2. Nf3 Nf6 3. Nxe5 d6 4. Nf3 Nxe4 5. d4 d5 6. Bd3 Bf5 7. O-O Be7 8. Ne5
Nd7 9. Nc3 Nxe5 10. dxe5 Nxc3 11. bxc3 Qd7 12. Bxf5 Qxf5 13. Qxd5 O-O 14. Be3 c6
15. Qb3 Qxe5 16. Qxb7 Bd6 17. g3 Qxc3 18. Qb3 Qa5 19. Rad1 Rfd8 20. Rd4 Bc5 21.
Rf4 Rd5 22. Rxf7 Kxf7 23. Qb7+ Be7 24. Qxa8 Rd6 25. Ra1 Qc3 26. Rc1 a5 27. Qc8
Re6 28. Qb8 a4 29. Qf4+ Bf6 30. Bd2 Qd4 31. Qxd4 Bxd4 32. Re1 Rf6 33. Be3 c5 34.
Bxd4 cxd4 35. Re4 Rf3 36. Rxd4 Ra3 37. Kf1 Rxa2 38. Rc4 a3 39. Ke2 Ra1 40. Ra4
g5 41. h4 Rc1 42. hxg5 Rxc2+ 43. Ke3 Kg6 44. Rxa3 Kxg5 45. Ra5+ Kg6 46. g4 h6
47. f4 Rg2 48. Kf3 Rg1 49. Ra6+ Kg7 50. Rd6 Kh7 51. Rd7+ Kg6 52. f5+ Kf6 53.
Rd6+ Kg7 54. Rg6+ Kh7 55. Kf4 Ra1 56. Re6 Kg7 57. Rg6+ Kh7 58. Rd6 Kg7 59. Ke4
Re1+ 60. Kf3 Rg1 61. Rg6+ Kh7 62. Ke4 Ra1 63. Rc6 Kg7 64. Kd5 Rd1+ 65. Ke4 Re1+
66. Kf3 Rg1 67. Rb6 Rh1 68. Kg2 Rh4 69. Kg3 Rh1 70. Re6 Rf1 71. Rg6+ Kh7 72. Rf6
Kg7 73. Rg6+ Kh7 74. Ra6 Kg7 75. Ra4 Rh1 76. Kf4 Rb1 77. Rd4 Kf6 78. Rd6+ Kg7
79. Rg6+ Kh7 80. Re6 Kg7 81. Rg6+ Kh7 82. Rd6 Kg7 83. Rc6 Rf1+ 84. Ke5 Re1+ 85.
Kd5 Rd1+ 86. Ke6 Re1+ 87. Kd7 Re4 88. Rg6+ Kf7 89. Kd6 Ra4 90. Ke5 Rb4 91. Rf6+
Kg7 92. Rd6 Rxg4 93. Rd7+ Kg8 94. Ke6 Re4+ 95. Kf6 Rg4 96. Rd8+ Kh7 97. Kf7 h5
98. f6 Ra4 99. Ke6 Ra6+ 100. Rd6 Ra8 101. Rd1 Kg8 102. Rd5 Kf8 103. Rb5 h4 104.
Rb7 Ra6+ 105. Kf5 Ra1 1/2-1/2

[Event "Bundesliga 2021-22"]
[Site "Berlin GER"]
[Date "2022.07.09"]
[Round "13.6"]
[Board "2"]
[White "Beerdsen, Thomas"]
[Black "Edouard, Romain"]
[Result "1/2-1/2"]
[WhiteTitle "IM"]
[BlackTitle "GM"]
[WhiteElo "2496"]
[BlackElo "2591"]
[WhiteTeam "SV Muelheim Nord"]
[BlackTeam "SV Werder Bremen"]
[WhiteFideId "1030108"]
[BlackFideId "633429"]
[EventDate "2022.03.05"]

1. e4 c5 2. Nf3 Nc6 3. Bb5 g6 4. O-O Bg7 5. c3 Nf6 6. Re1 O-O 7. h3 Qb6 8. Na3
a6 9. Bf1 Qd8 10. Nc2 b5 11. a4 Rb8 12. axb5 axb5 13. d4 cxd4 14. Ncxd4 Nxd4 15.
Nxd4 b4 16. Bf4 Rb6 17. Nb5 d6 18. e5 dxe5 19. Qxd8 Rxd8 20. Bxe5 bxc3 21. Bc7
cxb2 22. Bxd8 bxa1=Q 23. Rxa1 Ra6 1/2-1/2

[Event "Bundesliga 2021-22"]
[Site "Berlin GER"]
[Date "2022.07.09"]
[Round "13.6"]
[Board "3"]
[White "Van Foreest, Lucas"]
[Black "Vrolijk, Liam"]
[Result "1/2-1/2"]
[WhiteTitle "GM"]
[BlackTitle "IM"]
[WhiteElo "2572"]
[BlackElo "2476"]
[WhiteTeam "SV Werder Bremen"]
[BlackTeam "SV Muelheim Nord"]
[WhiteFideId "1039792"]
[BlackFideId "1048333"]
[EventDate "2022.03.05"]

1. e4 e5 2. Nf3 Nc6 3. Bc4 Nf6 4. d3 Bc5 5. Nc3 h6 6. O-O O-O 7. a3 a6 8. Be3
Bxe3 9. fxe3 d6 10. d4 exd4 11. exd4 Nxe4 12. Nxe4 d5 13. Bd3 dxe4 14. Bxe4 Qd6
15. c3 Bd7 16. Bc2 Rae8 17. Qd3 g6 18. Rae1 Kg7 19. Qd2 Rxe1 20. Rxe1 Re8 21.
Rxe8 Bxe8 22. Be4 b6 23. Qe3 Bd7 24. Bd3 a5 25. b4 axb4 26. axb4 Bg4 27. Nd2 Ne7
28. Be4 Be6 29. Qf3 c5 30. bxc5 bxc5 31. Qe3 cxd4 32. cxd4 Bd5 33. h3 Qe6 34.
Qf3 Bxe4 35. Qxe4 Qxe4 36. Nxe4 Nd5 1/2-1/2

[Event "Bundesliga 2021-22"]
[Site "Berlin GER"]
[Date "2022.07.09"]
[Round "13.6"]
[Board "4"]
[White "Saltaev, Mihail"]
[Black "Hracek, Zbynek"]
[Result "0-1"]
[WhiteTitle "GM"]
[BlackTitle "GM"]
[WhiteElo "2482"]
[BlackElo "2567"]
[WhiteTeam "SV Muelheim Nord"]
[BlackTeam "SV Werder Bremen"]
[WhiteFideId "14200058"]
[BlackFideId "300071"]
[EventDate "2022.03.05"]

1. e4 c5 2. Nf3 Nc6 3. d4 cxd4 4. Nxd4 Nf6 5. Nc3 e5 6. Ndb5 d6 7. Bg5 a6 8. Na3
b5 9. Nd5 Be7 10. Bxf6 Bxf6 11. c3 O-O 12. Nc2 Rb8 13. Be2 Bg5 14. O-O a5 15.
Na3 b4 16. Nc4 bxc3 17. bxc3 Ne7 18. Nxe7+ Bxe7 19. Ne3 Bg5 20. Nc4 Ba6 21. Na3
Bxe2 22. Qxe2 d5 23. exd5 Qxd5 24. Rab1 Qc5 25. Nb5 a4 26. Rfd1 g6 27. g3 Rfd8
28. Rxd8+ Rxd8 29. Rb2 f5 30. c4 a3 31. Rc2 e4 32. Nc3 Rd3 33. Nd5 h5 34. Kg2 h4
35. Kh3 Kf7 36. Kg2 Kg8 37. Kh3 Kg7 38. Kg2 Kf7 39. Kh3 Kf8 40. Kg2 Kf7 41. Kh3
Qc8 42. Kg2 h3+ 43. Kf1 Qh8 44. Ne3 Bxe3 45. fxe3 Qa1+ 46. Kf2 Qh1 0-1

[Event "Bundesliga 2021-22"]
[Site "Berlin GER"]
[Date "2022.07.09"]
[Round "13.6"]
[Board "5"]
[White "Babula, Vlastimil"]
[Black "Buckels, Valentin"]
[Result "1-0"]
[WhiteTitle "GM"]
[BlackTitle "IM"]
[WhiteElo "2568"]
[BlackElo "2454"]
[WhiteTeam "SV Werder Bremen"]
[BlackTeam "SV Muelheim Nord"]
[WhiteFideId "301264"]
[BlackFideId "12942766"]
[EventDate "2022.03.05"]

1. d4 d5 2. c4 e6 3. Nc3 c5 4. cxd5 cxd4 5. Qa4+ Bd7 6. Qxd4 exd5 7. Qxd5 Nf6 8.
Qd1 Bc5 9. Nf3 O-O 10. a3 a5 11. Qc2 Qb6 12. e3 Rc8 13. Bd2 Bf8 14. Be2 Bc6 15.
O-O Nbd7 16. Nd4 Be4 17. Qb3 Bc5 18. Qxb6 Nxb6 19. Rac1 Bxd4 20. exd4 Bc6 21.
Rfd1 Re8 22. Bf1 h6 23. f3 a4 24. Nb5 Nfd5 25. Kf2 Rad8 26. Ba5 Rd7 27. Na7 Rd6
28. Nxc6 bxc6 29. Bd3 Nd7 30. Bd2 Rb8 31. Rc2 Nf8 32. Bc1 Ne6 33. Be4 Rbd8 34.
Rc4 Nb6 35. Rxc6 Rxc6 36. Bxc6 Nxd4 37. Be4 Nc4 38. Bc2 1-0

[Event "Bundesliga 2021-22"]
[Site "Berlin GER"]
[Date "2022.07.09"]
[Round "13.6"]
[Board "6"]
[White "Feygin, Michael"]
[Black "Reuker, Jari"]
[Result "1/2-1/2"]
[WhiteTitle "GM"]
[WhiteElo "2456"]
[BlackElo "2425"]
[WhiteTeam "SV Muelheim Nord"]
[BlackTeam "SV Werder Bremen"]
[WhiteFideId "14103109"]
[BlackFideId "12909300"]
[EventDate "2022.03.05"]

1. d4 Nf6 2. Nc3 d5 3. Bg5 c5 4. Bxf6 gxf6 5. e4 dxe4 6. dxc5 f5 7. Qxd8+ Kxd8
8. O-O-O+ Bd7 9. g4 fxg4 10. h3 e3 11. hxg4 exf2 12. Nf3 e6 13. Ne5 Ke7 14. Bg2
Bc6 15. Ne4 Bg7 16. Nxc6+ Nxc6 17. Nxf2 Rac8 18. Rh5 Ne5 19. Bxb7 Rxc5 20. Be4
h6 21. Rh3 Rb8 22. Rb3 Rxb3 23. axb3 Nxg4 24. Nxg4 f5 25. b4 Rc7 26. Bf3 fxg4
27. Bxg4 Rc4 28. Rg1 Bd4 29. Rg2 Rxb4 30. c3 Be3+ 31. Kc2 Rf4 32. Kd3 Bb6 33. b4
e5 34. Bh5 e4+ 35. Ke2 Rh4 36. Bg6 Kf6 37. Bh7 Ke5 38. Bg6 Kf4 39. Bh7 Rh3 40.
Kd2 Rd3+ 41. Kc2 Rd7 42. Bg6 Rd6 43. c4 Be3 44. Bh5 Ke5 45. c5 Rd4 46. Kc3 Rd3+
47. Kc4 Bd2 48. c6 a6 49. b5 Rc3+ 50. Kb4 Be1 51. Re2 Rc1+ 52. Ka4 axb5+ 53.
Kxb5 Kd4 54. Bg6 e3 55. Bc2 Bg3 56. Kb6 h5 57. c7 Bxc7+ 58. Kxc7 h4 59. Kd6 h3
60. Bf5 Rh1 61. Ke6 h2 62. Bh7 Rf1 63. Rxh2 Rf2 64. Rh4+ Kc3 65. Bg6 e2 66. Re4
Kd2 67. Rd4+ Kc1 68. Re4 Kd2 69. Rd4+ 1/2-1/2

[Event "Bundesliga 2021-22"]
[Site "Berlin GER"]
[Date "2022.07.09"]
[Round "13.6"]
[Board "7"]
[White "Wachinger, Nikolas"]
[Black "Dinstuhl, Volkmar"]
[Result "1-0"]
[BlackTitle "IM"]
[WhiteElo "2376"]
[BlackElo "2393"]
[WhiteTeam "SV Werder Bremen"]
[BlackTeam "SV Muelheim Nord"]
[WhiteFideId "12962791"]
[BlackFideId "4613562"]
[EventDate "2022.03.05"]

1. e4 e5 2. Nf3 Nc6 3. Bb5 a6 4. Ba4 Nge7 5. O-O g6 6. c3 Bg7 7. d4 exd4 8. cxd4
b5 9. Bc2 d6 10. h3 O-O 11. Nc3 Na5 12. Bf4 Bb7 13. Rb1 Qd7 14. Re1 Rad8 15. d5
Nc4 16. Qc1 c6 17. dxc6 Bxc6 18. Bh6 Ne5 19. Nd4 Ba8 20. Bxg7 Kxg7 21. f4 N5c6
22. Qe3 Qa7 23. Rbd1 Nxd4 24. Qxd4+ Qxd4+ 25. Rxd4 Nc6 26. Rd2 Na5 27. b3 Rc8
28. Re3 Rfd8 29. Kf2 b4 30. Ne2 Bc6 31. Nd4 Nb7 32. Bd3 Nc5 33. Nxc6 Rxc6 34.
Bc4 Re8 35. Kf3 Rb6 36. Rd5 Rc8 37. g4 f6 38. e5 dxe5 39. fxe5 Rc7 40. Rd6 Rxd6
41. exd6 Rb7 42. Re8 1-0

[Event "Bundesliga 2021-22"]
[Site "Berlin GER"]
[Date "2022.07.09"]
[Round "13.6"]
[Board "8"]
[White "Hoenig, Alexander"]
[Black "Colbow, Collin"]
[Result "1/2-1/2"]
[BlackTitle "FM"]
[WhiteElo "2209"]
[BlackElo "2357"]
[WhiteTeam "SV Muelheim Nord"]
[BlackTeam "SV Werder Bremen"]
[WhiteFideId "4617770"]
[BlackFideId "16201132"]
[EventDate "2022.03.05"]

1. d4 Nf6 2. Nf3 e6 3. Bf4 c5 4. c3 d5 5. e3 Nc6 6. Nbd2 Be7 7. Ne5 Nd7 8. Nxd7
Bxd7 9. Bd3 g5 10. Bg3 h5 11. h4 gxh4 12. Bf4 Qb6 13. Rb1 cxd4 14. exd4 a5 15.
Nf3 O-O-O 16. Nxh4 Rde8 17. Kf1 Bf6 18. Nf3 h4 19. Qe2 Bd8 20. Ne5 Nxe5 21. Qxe5
Bc7 22. Qxc7+ Qxc7 23. Bxc7 Kxc7 24. Re1 f6 25. f4 b5 26. a3 Kd6 27. Kf2 b4 28.
axb4 axb4 29. c4 dxc4 30. Bxc4 Bc6 31. b3 Rhg8 32. Rxh4 Rxg2+ 33. Kf1 Rg3 34.
Rh2 Bd5 35. Ra1 Ra8 36. Rxa8 Bxa8 37. Ra2 Bd5 38. Ra6+ Ke7 39. Ra7+ Kd6 40. Ra6+
Ke7 41. Ra7+ Ke8 42. Ke2 Rc3 43. Bxd5 exd5 44. Ra5 Rxb3 45. Rxd5 Ke7 1/2-1/2

[Event "Bundesliga 2021-22"]
[Site "Berlin GER"]
[Date "2022.07.09"]
[Round "13.7"]
[Board "1"]
[White "Keymer, Vincent"]
[Black "Caruana, Fabiano"]
[Result "1/2-1/2"]
[WhiteTitle "GM"]
[BlackTitle "GM"]
[WhiteElo "2655"]
[BlackElo "2781"]
[WhiteTeam "Schachfreunde Deizisau"]
[BlackTeam "OSG Baden-Baden"]
[WhiteFideId "12940690"]
[BlackFideId "2020009"]
[EventDate "2022.03.05"]

1. d4 Nf6 2. c4 e6 3. Nf3 d5 4. Nc3 Bb4 5. Qa4+ Nc6 6. e3 O-O 7. Bd2 dxc4 8.
Bxc4 Bd6 9. O-O e5 10. dxe5 Nxe5 11. Nxe5 Bxe5 12. Qc2 b6 13. f4 Bd6 14. h3 Bb7
15. Rae1 Re8 16. Bd3 Qd7 17. Bb5 c6 18. Bd3 Rad8 19. Ne4 Be7 20. Nxf6+ Bxf6 21.
Bxh7+ Kh8 22. Bc3 Bxc3 23. Bf5 Qd5 24. bxc3 Ba6 25. Rd1 Qc5 26. Rxd8 Qxe3+ 27.
Kh2 Rxd8 28. Rf3 Qe2 29. Qxe2 Bxe2 30. Re3 Bc4 31. Re7 a5 32. Rb7 Bxa2 33. Rxb6
Ra8 34. Be4 a4 35. Rxc6 f5 36. Bxf5 a3 37. c4 Bb3 38. Bb1 a2 39. Bxa2 Rxa2 40.
Kg3 Kg8 41. Rc8+ Kh7 42. f5 Rd2 43. Rc5 Kg8 44. Rd5 Rc2 45. Rb5 Ba4 46. Rc5 Rd2
47. Rd5 Rc2 48. Rc5 Rb2 49. Kf3 Bd1+ 50. Kg3 Rc2 51. Rd5 Be2 52. Kh4 Rxc4+ 53.
Kg5 Bf1 54. Rd8+ Kh7 55. Rd2 Rc3 56. Rf2 Bb5 57. h4 Rg3+ 1/2-1/2

[Event "Bundesliga 2021-22"]
[Site "Berlin GER"]
[Date "2022.07.09"]
[Round "13.7"]
[Board "2"]
[White "Rapport, Richard"]
[Black "Bluebaum, Matthias"]
[Result "1/2-1/2"]
[WhiteTitle "GM"]
[BlackTitle "GM"]
[WhiteElo "2762"]
[BlackElo "2642"]
[WhiteTeam "OSG Baden-Baden"]
[BlackTeam "Schachfreunde Deizisau"]
[WhiteFideId "738590"]
[BlackFideId "24651516"]
[EventDate "2022.03.05"]

1. e4 e5 2. Nf3 Nf6 3. Nxe5 d6 4. Nf3 Nxe4 5. d4 d5 6. Bd3 Bd6 7. O-O O-O 8. c4
c6 9. Re1 Bf5 10. Qb3 Na6 11. cxd5 cxd5 12. Nc3 Nb4 13. Bxe4 dxe4 14. Bg5 Qb6
15. Nxe4 Be6 16. Qa3 f6 17. Nxd6 Qxd6 18. Bf4 Qxf4 19. Qxb4 Bd5 20. Qd2 Qxd2 21.
Nxd2 Rad8 22. Red1 Rd7 23. Nb3 Rfd8 24. h3 b6 25. Re1 Bxb3 26. axb3 a5 27. Re6
Rxd4 28. Rxb6 Rd1+ 29. Rxd1 Rxd1+ 30. Kh2 Rd2 31. f3 Rxb2 32. Ra6 Rxb3 33. Rxa5 1/2-1/2

[Event "Bundesliga 2021-22"]
[Site "Berlin GER"]
[Date "2022.07.09"]
[Round "13.7"]
[Board "3"]
[White "Kamsky, Gata"]
[Black "Vallejo Pons, Francisco"]
[Result "1/2-1/2"]
[WhiteTitle "GM"]
[BlackTitle "GM"]
[WhiteElo "2658"]
[BlackElo "2704"]
[WhiteTeam "Schachfreunde Deizisau"]
[BlackTeam "OSG Baden-Baden"]
[WhiteFideId "2000024"]
[BlackFideId "2205530"]
[EventDate "2022.03.05"]

1. d4 d5 2. Nf3 Nf6 3. c4 e6 4. g3 dxc4 5. Bg2 Nbd7 6. O-O c6 7. a4 a5 8. Bg5 h6
9. Bxf6 Qxf6 10. Nbd2 e5 11. dxe5 Nxe5 12. Nxe5 Qxe5 13. Nxc4 Qc5 14. Qb3 Be7
15. Rac1 Qb4 16. Qxb4 Bxb4 17. Nb6 Rb8 18. Nxc8 Rxc8 19. Rfd1 Ke7 20. e3 Rhd8
21. Kf1 Rxd1+ 22. Rxd1 Rd8 23. Rxd8 1/2-1/2

[Event "Bundesliga 2021-22"]
[Site "Berlin GER"]
[Date "2022.07.09"]
[Round "13.7"]
[Board "4"]
[White "Shirov, Alexei"]
[Black "Moussard, Jules"]
[Result "1/2-1/2"]
[WhiteTitle "GM"]
[BlackTitle "GM"]
[WhiteElo "2691"]
[BlackElo "2630"]
[WhiteTeam "OSG Baden-Baden"]
[BlackTeam "Schachfreunde Deizisau"]
[WhiteFideId "2209390"]
[BlackFideId "642908"]
[EventDate "2022.03.05"]

1. e4 e5 2. Nf3 Nf6 3. Nxe5 d6 4. Nf3 Nxe4 5. d4 d5 6. Bd3 Bd6 7. O-O O-O 8. c4
c6 9. Qc2 h6 10. Nbd2 Nxd2 11. Bxd2 dxc4 12. Bxc4 Qf6 13. Bc3 Bf5 14. Qd2 Nd7
15. d5 Ne5 16. Nxe5 Bxe5 17. Bxe5 Qxe5 18. dxc6 bxc6 19. Rfe1 Qf6 20. b3 a5 21.
Rad1 a4 22. Qd6 axb3 23. Qxf6 gxf6 24. Bxb3 Rfd8 25. h3 Rxd1 26. Rxd1 Be4 27.
Rd4 Bd5 28. Bxd5 cxd5 29. a4 Kf8 30. Kf1 Ke7 31. Rxd5 Rxa4 32. Rh5 Ra1+ 33. Ke2
Ra2+ 34. Kf3 Ra3+ 35. Kf4 Ra2 36. Kg3 Ra3+ 37. f3 Kf8 38. Rxh6 Kg7 39. Rh5 Ra2
40. Rb5 Rc2 41. h4 Ra2 42. Kh3 Ra3 43. Kg4 Ra4+ 44. f4 Ra2 45. g3 Ra3 46. h5 Rc3
47. Rd5 Ra3 48. Kf5 Rxg3 49. h6+ Kxh6 50. Kxf6 Ra3 51. Re5 Ra7 52. Re8 Kh7 53.
f5 Rb7 1/2-1/2

[Event "Bundesliga 2021-22"]
[Site "Berlin GER"]
[Date "2022.07.09"]
[Round "13.7"]
[Board "5"]
[White "Gupta, Abhijeet"]
[Black "Adams, Michael"]
[Result "1/2-1/2"]
[WhiteTitle "GM"]
[BlackTitle "GM"]
[WhiteElo "2628"]
[BlackElo "2698"]
[WhiteTeam "Schachfreunde Deizisau"]
[BlackTeam "OSG Baden-Baden"]
[WhiteFideId "5010608"]
[BlackFideId "400041"]
[EventDate "2022.03.05"]

1. d4 Nf6 2. Nf3 d5 3. Bf4 e6 4. e3 Bd6 5. c3 O-O 6. Nbd2 Bxf4 7. exf4 c5 8.
dxc5 Qc7 9. g3 Qxc5 10. Bd3 b6 11. Qe2 a5 12. Nb3 Qe7 13. Nbd4 Ba6 14. Bxa6 Nxa6
15. O-O Nc5 16. f5 Rae8 17. fxe6 Nxe6 18. Qb5 Qc5 19. Rfe1 g6 20. Kg2 Ne4 21.
Rad1 Nc7 22. Qc6 Kg7 23. Re3 Nd6 24. Rde1 Rxe3 25. Rxe3 Nc4 26. Re2 Qxc6 27.
Nxc6 Re8 28. Rxe8 Nxe8 29. b3 Ncd6 30. Nfd4 Nc7 31. f3 Kf6 32. Kf2 Ndb5 33. Ne2
Ke6 34. a4 Nd6 35. Ned4+ Kd7 36. g4 f6 37. Ke3 Na6 38. h4 Nc5 39. Na7 h5 40.
Nab5 Nxb5 41. axb5 Kd6 42. gxh5 gxh5 43. Kf4 Ke7 44. Nf5+ Ke6 45. Nd4+ Ke7 46.
Ke3 Kd6 47. Nf5+ Ke5 48. Nd4 1/2-1/2

[Event "Bundesliga 2021-22"]
[Site "Berlin GER"]
[Date "2022.07.09"]
[Round "13.7"]
[Board "6"]
[White "Wojtaszek, Radoslaw"]
[Black "Kozul, Zdenko"]
[Result "1-0"]
[WhiteTitle "GM"]
[BlackTitle "GM"]
[WhiteElo "2694"]
[BlackElo "2619"]
[WhiteTeam "OSG Baden-Baden"]
[BlackTeam "Schachfreunde Deizisau"]
[WhiteFideId "1118358"]
[BlackFideId "14502879"]
[EventDate "2022.03.05"]

1. d4 Nf6 2. c4 g6 3. Nc3 Bg7 4. e4 d6 5. Nf3 O-O 6. Be2 e5 7. O-O Nbd7 8. Be3
c6 9. Qc2 Ng4 10. Bg5 Bf6 11. Bxf6 Ngxf6 12. Rad1 Qe7 13. Rfe1 b6 14. Qd2 Bb7
15. Bf1 Rfe8 16. g3 a6 17. d5 cxd5 18. cxd5 b5 19. b4 Nb6 20. Qe3 Rec8 21. Nd2
Ng4 22. Qxb6 Rxc3 23. Bh3 Bc8 24. Rc1 Rxc1 25. Rxc1 Qg5 26. Rc2 Qh5 27. Qc6 Qxh3
28. Nf3 Bb7 29. Qxb7 Rf8 30. Qe7 Qh5 31. Kg2 Kg7 32. Qxd6 Nf6 33. Re2 Qg4 34.
Qxe5 Re8 35. Qc3 Rxe4 36. h3 Qf5 37. g4 Qxd5 38. Rxe4 1-0

[Event "Bundesliga 2021-22"]
[Site "Berlin GER"]
[Date "2022.07.09"]
[Round "13.7"]
[Board "7"]
[White "Zilka, Stepan"]
[Black "Kasimdzhanov, Rustam"]
[Result "0-1"]
[WhiteTitle "GM"]
[BlackTitle "GM"]
[WhiteElo "2606"]
[BlackElo "2659"]
[WhiteTeam "Schachfreunde Deizisau"]
[BlackTeam "OSG Baden-Baden"]
[WhiteFideId "315303"]
[BlackFideId "14200244"]
[EventDate "2022.03.05"]

1. e4 e5 2. Nf3 Nc6 3. d4 exd4 4. Nxd4 Nf6 5. Nxc6 bxc6 6. e5 Qe7 7. Qe2 Nd5 8.
c4 Ba6 9. b3 g6 10. g3 Bg7 11. Bb2 O-O 12. Bg2 Rae8 13. O-O Bxe5 14. Qxe5 Qxe5
15. Bxe5 Rxe5 16. cxd5 Bxf1 17. Kxf1 cxd5 18. Nc3 c6 19. Na4 Rb8 20. Nc5 Re7 21.
Nd3 a5 22. Rc1 Kf8 23. Rc5 Ra8 24. h4 Ree8 25. Bf3 Ke7 26. h5 Kd6 27. Rc1 f5 28.
Rd1 g5 29. Nb2 Re6 30. Be2 Rh6 31. Nc4+ Kc7 32. Ne3 Rf8 33. Kg2 f4 34. Ng4 Rxh5
35. Bf3 Rb8 36. Rd4 Rb5 37. Ne5 g4 38. Nxg4 fxg3 39. Kxg3 Rg5 40. Be2 Rc5 41.
Kh4 Rg8 42. f4 Rc2 43. Bd1 Rxa2 44. f5 Kd6 45. f6 Ke6 46. f7 Rf8 47. Nh6 Ke5 48.
Rd3 Rh2+ 49. Kg5 Rxh6 50. Kxh6 Rxf7 51. Bh5 Re7 52. Rd1 Kd6 53. Ra1 Kc5 54.
Rxa5+ Kb4 55. Ra7 Kxb3 56. Bg4 d4 57. Kg5 d3 58. Kf6 Re4 59. Bd1+ Kc3 60. Rxd7
c5 61. Rxh7 Re1 62. Bg4 c4 63. Rd7 d2 64. Rd6 Kc2 65. Bd7 Kc1 66. Ba4 c3 67. Rc6
Re3 0-1

[Event "Bundesliga 2021-22"]
[Site "Berlin GER"]
[Date "2022.07.09"]
[Round "13.7"]
[Board "8"]
[White "Bacrot, Etienne"]
[Black "Dautov, Rustem"]
[Result "1/2-1/2"]
[WhiteTitle "GM"]
[BlackTitle "GM"]
[WhiteElo "2635"]
[BlackElo "2596"]
[WhiteTeam "OSG Baden-Baden"]
[BlackTeam "Schachfreunde Deizisau"]
[WhiteFideId "605506"]
[BlackFideId "4623606"]
[EventDate "2022.03.05"]

1. e4 c6 2. d4 d5 3. e5 Bf5 4. Nf3 e6 5. Be2 Nd7 6. O-O Bg6 7. a4 a6 8. a5 Bb4
9. Bd2 Bxd2 10. Qxd2 Ne7 11. b4 O-O 12. Nc3 Nf5 13. Rfe1 Bh5 14. Ng5 Bg6 15. Nf3
Bh5 16. Ng5 Bg6 17. Nf3 1/2-1/2

[Event "Bundesliga 2021-22"]
[Site "Berlin GER"]
[Date "2022.07.09"]
[Round "13.8"]
[Board "1"]
[White "Postny, Evgeny"]
[Black "Bartel, Mateusz"]
[Result "1-0"]
[WhiteTitle "GM"]
[BlackTitle "GM"]
[WhiteElo "2568"]
[BlackElo "2616"]
[WhiteTeam "BCA Augsburg"]
[BlackTeam "USV TU Dresden"]
[WhiteFideId "2804344"]
[BlackFideId "1112635"]
[EventDate "2022.03.05"]

1. d4 d5 2. c4 c6 3. Nf3 Nf6 4. Qb3 dxc4 5. Qxc4 Bg4 6. Nc3 Nbd7 7. Bf4 Qa5 8.
Qb3 Qb6 9. Nd2 Nh5 10. Be3 Be6 11. Qc2 Qd8 12. f3 g6 13. Bf2 Bg7 14. Rd1 O-O 15.
e4 Rc8 16. g3 Nb6 17. Nb3 Qc7 18. Nc5 Bc4 19. Bh3 e6 20. b3 Bb5 21. Nxe6 fxe6
22. Bxe6+ Kh8 23. Bxc8 Qxc8 24. Nxb5 Qh3 25. Nc3 Rxf3 26. Rd3 Rf8 27. Qe2 Nf6
28. g4 Qxg4 29. Qxg4 Nxg4 30. O-O Rd8 31. Rfd1 Kg8 32. Bh4 Re8 33. h3 Nh6 34.
Kg2 Nd7 35. Rf3 Nf7 36. Bg3 c5 37. dxc5 Nxc5 38. e5 Bxe5 39. Re3 Kf8 40. Bxe5
Rxe5 41. Rxe5 Nxe5 42. Rd5 Ncd7 43. Nb5 a6 44. Nd6 b5 45. Nb7 Ke7 46. Kg3 Nc6
47. Rd2 h6 48. Kf4 Nf8 49. Ke4 Ne6 50. a3 Nb8 51. b4 Nd7 52. Na5 Ng5+ 53. Kd5
Nxh3 54. Re2+ Kf7 55. Kd6 Nf8 56. Re7+ Kf6 57. Re8 Kf7 58. Re7+ Kf6 59. Re8 Kf7
60. Ra8 g5 61. Nc6 Ng6 62. Rxa6 g4 63. a4 bxa4 64. b5 g3 65. Rxa4 Nf2 66. b6 g2
67. Ra1 Ne4+ 68. Kd5 Nf6+ 69. Kd4 Nd7 70. b7 h5 71. Ke3 h4 72. Kf2 h3 73. Rd1 1-0

[Event "Bundesliga 2021-22"]
[Site "Berlin GER"]
[Date "2022.07.09"]
[Round "13.8"]
[Board "2"]
[White "Pechac, Jergus"]
[Black "Prusikin, Michael"]
[Result "1/2-1/2"]
[WhiteTitle "GM"]
[BlackTitle "GM"]
[WhiteElo "2599"]
[BlackElo "2541"]
[WhiteTeam "USV TU Dresden"]
[BlackTeam "BCA Augsburg"]
[WhiteFideId "14926970"]
[BlackFideId "4642325"]
[EventDate "2022.03.05"]

1. d4 d5 2. c4 e6 3. Nc3 Nf6 4. Bg5 Be7 5. Nf3 h6 6. Bxf6 Bxf6 7. e3 c6 8. Rc1
Nd7 9. h4 a6 10. cxd5 exd5 11. Bd3 h5 12. Qc2 Be7 13. a3 Nf6 14. Ne2 Bd6 15. O-O
Bg4 16. Ng5 Bxe2 17. Qxe2 O-O 18. Qf3 g6 19. b4 Kg7 20. Rb1 Qd7 21. g3 Qg4 22.
Qg2 Rfe8 23. Rb3 Re7 24. Rc1 Qd7 25. Nf3 1/2-1/2

[Event "Bundesliga 2021-22"]
[Site "Berlin GER"]
[Date "2022.07.09"]
[Round "13.8"]
[Board "3"]
[White "Nestorovic, Nikola"]
[Black "Vogel, Roven"]
[Result "1/2-1/2"]
[WhiteTitle "GM"]
[BlackTitle "IM"]
[WhiteElo "2456"]
[BlackElo "2447"]
[WhiteTeam "BCA Augsburg"]
[BlackTeam "USV TU Dresden"]
[WhiteFideId "934526"]
[BlackFideId "12908088"]
[EventDate "2022.03.05"]

1. e4 e5 2. Nf3 Nc6 3. Nc3 Nf6 4. d4 exd4 5. Nxd4 Bb4 6. Nxc6 bxc6 7. Bd3 d5 8.
Bd2 O-O 9. O-O Rb8 10. Re1 Re8 11. a3 Bd6 12. h3 d4 13. Na4 c5 14. b4 cxb4 15.
f4 bxa3 16. e5 Bd7 17. exd6 Rxe1+ 18. Qxe1 Bxa4 19. Rxa3 Bb5 20. Rxa7 cxd6 21.
Ba5 Qf8 22. Qa1 Bxd3 1/2-1/2